000 00545nam a22001937a 4500
999 _c167389
_d167389
005 20190830120600.0
010 _aENG-126374
020 _c295.00
_a978-93-80816-82-1
035 _aEN-109906
037 _bDBAD/PUB
082 _aN
100 _aDumas,Alexandre
245 _aThe Three Musketeers/
_cby Alexandre Dumas
260 _bMaple Press
_c2018
_aU.P.
270 _aA 63, Sector 58
_bNoida
_e201301
_k+911204553581,4553583
_minfo@maplepress.co.in
300 _a736p.
_c21cm(pbk)
650 _aENGLISH NOVEL
942 _2ddc
_cEN
_hN
_mDUM